European Countries by Population A - Z - Statistics

General Stats
  • This quiz has been taken 81 times
  • The average score is 18 of 19
Answer Stats
Letter Population Answer % Correct
F 66 mill France
100%
D 5.6 mill Denmark
99%
G 81 mill Germany
99%
U 65 mill United Kingdom
99%
H 9.8 mill Hungary
97%
E 1.3 mill Estonia
96%
R 110 mill Russia (Europe only)
96%
B 11.2 mill Belgium
95%
P 38 mill Poland
95%
N 17 mill Netherlands
93%
V 800 Vatican City
93%
I 60 mill Italy
92%
K 1.8 mill Kosovo
92%
S 46 mill Spain
92%
A 8.6 mill Austria
90%
L 2.9 mill Lithuania
89%
C 10.5 mill Czech Republic
82%
M 3.5 mill Moldova
78%
T 10 mill Turkey (Europe only)
77%
No matching quizzes found
Score Distribution
Percent of People with Each Score
Percentile by Number Answered
Your Score History
You have not taken this quiz